LEADER 00635nab a2200133 i 4500 001 000000282368 003 CaOOAMICUS 005 20141104000000.0 008 141104n xx uu u0 0und r 013 $a35193 040 $aSeMil$bita 245 13$aIl Partigiano :$bGiornale delle forze rivoluzionarie proletarie. - Riproduzione anastatica del N.1, Anno 1., 15 Giugno 1944. 773 0 $tGiornali della Resistenza.$dMilano : Ufficio Stampa del Comune di Milano, 1970.$w()209602 996 $6245$aIl Partigiano :$bGiornale delle forze rivoluzionarie proletarie. - Riproduzione anastatica del N.1, Anno 1., 15 Giugno 1944.$9(OLS)http://semarc/title/364440 LEADER 00978nam a2200241 i 4500 001 000000230587 003 CaOOAMICUS 005 20140612000000.0 008 140612s1962 it u000 u ita u 013 $a209489 040 $aSeMil$bita 100 1 $aGovernanti, Gaudenzio.$0(OLS)http://semarc/name/79444 245 13$aIl santuario dell'Annunciazione a Nazaret /$cGaudenzio Governanti. 260 $aGerusalemme :$bCustodia di Terra Santa,$cstampa 1962. 300 $a40 p., [8] c. di tav. :$bill. ;$c21 cm. 500 $aFondo card. Giovanni Colombo. 650 4$aNazaret - Chiese.$0(OLS)http://semarc/subject/21944 850 $aSeMil 852 $aSeMil$W1$xVenegono$y1$m3GC III 99$j180933$B180933$CSeMilBibl$Z2$F192756 $8B 941 1 $a3 961 $aLascito: Colombo Card. Giovanni 996 $6245$aIl santuario dell'Annunciazione a Nazaret$9(OLS)http://semarc/title/329439 996 $6260$aGerusalemme :$bCustodia di Terra Santa$9(OLS)http://semarc/publisher/39911